000 00340nam a2200133Ia 4500
008 240624s9999 xx 000 0 und d
041 _aeng
082 _a658.406 CHA
100 _aCHAMPY JAMES
245 _aFAST FORWARD THE BEST IDEAS ON MANAGING
260 _c1996
_bHarvard Business Press Books
300 _a320 : p.
365 _cRS
_b25
999 _c23775
_d23775